| 000 | 00733nam a2200217 i 4500 | ||
|---|---|---|---|
| 001 | 132194 | ||
| 003 | ES-MaACL | ||
| 005 | 20250907063109.0 | ||
| 007 | t| | ||
| 008 | 070214s1913 sp r ||||1| spa d | ||
| 100 | 1 |
_aRodríguez Villa, Antonio, _d1843-1912 _998860 |
|
| 245 | 1 | 0 |
_aEtiquetas de la Casa de Austria / _cpor D. Antonio Rodríguez Villa. |
| 260 |
_aMadrid : _bJaime Ratés, _c1913. |
||
| 300 |
_a170 p. ; _c20 x 14 cm. |
||
| 650 | 0 | 4 |
_aCorte y cortesanos- _zEspaña- _yS.XVI. _911383 |
| 650 | 0 | 4 |
_aCorte y cortesanos- _zEspaña- _yS.XVII. _911384 |
| 650 | 4 |
_aCorte y cortesanos- _zEspaña- _yS.XVIII. _9161040 |
|
| 650 | 0 | 4 |
_aCeremonial- _zEspaña. _910909 |
| 852 |
_aES-MaACL _jF-6938 |
||
| 999 |
_c132194 _d132194 |
||